00588nam a2200193Ia 450000500170000000800410001702000150005808200210007310000140009424500530010826000560016130000150021765000110023265000200024365000130026394200060027695200970028299900150037920250120003013.0240331s9999 xx 000 0 und d a0710204558 bDUC23722a305.4 aDuchen, C 0aFeminism in France:bFrom May '68 to Mitterrand  aLondonaNew YorkbRoutledge & Kegan Paul Inc.c1986 ax, 165 p., aFrance aFeminist Theory aPolitics cL 001040708LaWERCLbWERCLcSSCd2024-03-31l0o 305.4 DUCp3722r2024-03-31w2024-03-31yL c1638d1638